00666nam a2200241 a 4500001001300000003000900013005001700022008004100039020000800080082001600088100002200104245003300126260003600159300000900195500003500204505001000239650001300249700002200262902000800284942000700292952011200299999001300411nice12345678IN_TiNIC20260116011336.0050524s1960 laha grp 000 0 eng  ac000a954.91bMCD aMcdonough, Sheila aPakistan and the Modern West aLahorebGhulam Ali & Sonsc1960 a185p aincludes index and biblioraphy2 aindex aPakistan1 aMcdonough, Sheila bSRS cBK 001040708StackRoom-aHMIbHMId2005-05-24g0.00l0o954.91 MCDp03155r2005-05-24v0.00w2005-05-24yBK c676d676